|
|
|
|
| LEADER |
00823nam a22002171a 4500 |
| 020 |
|
|
|a 9788125040699
|c 0.00
|
| 040 |
|
|
|a SSUS - Library - Kalady
|
| 082 |
|
|
|a 400
|b DAV/L
|
| 100 |
|
|
|a David Crystal
|
| 245 |
|
|
|a Little book of language
|h [Text]
|
| 260 |
|
|
|a Hyderabad
|b Orient Blackswan
|c 2010
|
| 300 |
|
|
|a 262p.
|
| 600 |
|
|
|a Language
|
| 600 |
|
|
|a Language Development
|
| 852 |
|
|
|h 400
|i DAV/L
|p 062859
|9 395.00
|t 0
|
| 852 |
|
|
|h 400
|i DAV/L
|p 065659
|9 395.00
|t 0
|
| 942 |
|
|
|c BK
|
| 942 |
|
|
|c BK
|
| 999 |
|
|
|c 25942
|d 25942
|
| 952 |
|
|
|0 0
|1 0
|4 0
|6 400_000000000000000_DAV_L
|7 0
|9 37268
|a SSUS
|b SSUS
|d 2015-01-08
|g 395.00
|l 4
|o 400 DAV/L
|p 062859
|r 2016-02-10
|s 2016-01-25
|v 0.00
|w 2015-01-08
|y BK
|
| 952 |
|
|
|0 0
|1 0
|4 0
|6 400_000000000000000_DAV_L
|7 0
|9 37269
|a SSUS
|b SSUS
|d 2015-01-08
|g 395.00
|l 3
|o 400 DAV/L
|p 065659
|r 2017-06-12
|s 2017-05-29
|v 0.00
|w 2015-01-08
|y BK
|